[Event "Wch U08 Girls"]
[Site "Batumi"]
[Date "2016.10.20"]
[Round "2"]
[White "Shvedova, Alexandra"]
[Black "Cioara, Maria"]
[Result "1-0"]
[WhiteElo "1576"]
[BlackElo "1064"]
[PlyCount "77"]
[EventDate "2016.10.19"]
[EventType "swiss"]
[EventRounds "11"]
[EventCountry "GEO"]
[SourceTitle "CBM 175 Extra"]
[Source "ChessBase"]
[SourceDate "2016.12.12"]
[SourceVersion "1"]
[SourceVersionDate "2016.12.12"]
[SourceQuality "1"]

1. e4 e5 2. Nf3 f5 3. Nxe5 Qf6 4. d4 d6 5. Nc4 fxe4 6. Ne3 Qg6 7. Nd5 Qf7 8. c4 Nf6 9. Nxf6+ Qxf6 10. Nc3 Bf5 11. Qb3 b6 12. Be3 Nd7 13. Nd5 Qd8 14. Be2 Be7 15. 0-0 0-0 16. f3 Nf6 17. Nf4 Qe8 18. fxe4 Bxe4 19. Ne6 Rf7 20. Nxc7 Qc8 21. Nxa8 Qxa8 22. Rf2 Qc8 23. Raf1 Ba8 24. h3 Qb7 25. c5 dxc5 26. Bc4 Kh8 27. Bxf7 Bd6 28. dxc5 Bg3 29. Rf3 Be5 30. cxb6 Qd7 31. Rd1 Qc8 32. b7 Bxb7 33. Qxb7 Qf8 34. Bc5 Qxc5+ 35. Kh1 Qf8 36. Rfd3 Bf4 37. Rd8 Qxd8 38. Rxd8+ Ng8 39. Rxg8# 1-0

[Event "ROM-ch U08 Girls"]
[Site "Calimanesti Caciulata"]
[Date "2016.04.24"]
[Round "8"]
[White "Moraru, Ana Alina"]
[Black "Cioara, Maria"]
[Result "0-1"]
[WhiteElo "1001"]
[BlackElo "1064"]
[PlyCount "70"]
[EventDate "2016.04.18"]
[EventType "swiss"]
[EventRounds "9"]
[EventCountry "ROU"]
[SourceTitle "CBM 172 Extra"]
[Source "ChessBase"]
[SourceDate "2016.06.21"]
[SourceVersion "1"]
[SourceVersionDate "2016.06.21"]
[SourceQuality "1"]

1. e4 c5 2. Nf3 d6 3. Bc4 Nf6 4. Ng5 e6 5. Bb5+ Bd7 6. Bxd7+ Nbxd7 7. 0-0 Be7 8. d3 0-0 9. Re1 h6 10. Nf3 d5 11. exd5 Nxd5 12. a4 N5b6 13. Ne5 Nxe5 14. Rxe5 Bd6 15. Re1 Qc7 16. Kf1 Bxh2 17. Nc3 Qe7 18. d4 cxd4 19. Qxd4 Rad8 20. Qe3 Qf6 21. Nb5 Qh4 22. g3 Qh3+ 23. Ke2 Qg2 24. Bd2 Rd7 25. Rf1 Rfd8 26. Rad1 a6 27. Na7 Rd4 28. Nb5 axb5 29. axb5 Re4 30. Rh1 Rxe3+ 31. Bxe3 Rxd1 32. Rxd1 Bxg3 33. Rd8+ Kh7 34. Kd3 Bxf2 35. Bd2 Qf3+ 0-1

[Event "ROM-ch U08 Girls"]
[Site "Calimanesti Caciulata"]
[Date "2016.04.20"]
[Round "3"]
[White "Maria, Lia Alexandra"]
[Black "Cioara, Maria"]
[Result "1-0"]
[WhiteElo "1337"]
[BlackElo "1064"]
[PlyCount "53"]
[EventDate "2016.04.18"]
[EventType "swiss"]
[EventRounds "9"]
[EventCountry "ROU"]
[SourceTitle "CBM 172 Extra"]
[Source "ChessBase"]
[SourceDate "2016.06.21"]
[SourceVersion "1"]
[SourceVersionDate "2016.06.21"]
[SourceQuality "1"]

1. d4 d5 2. Nc3 Nf6 3. Nf3 Nc6 4. Bg5 Bf5 5. e3 Qd7 6. Bb5 0-0-0 7. 0-0 Bh3 8. Ne5 Qe6 9. Nxc6 bxc6 10. Ba6+ Kb8 11. Qf3 Bg4 12. Qg3 c5 13. Nb5 Rd7 14. Nc3 Qxa6 15. Bxf6 exf6 16. Qxg4 Rd6 17. dxc5 Rd8 18. b4 h5 19. Qf3 Qc4 20. Ne2 Qxc2 21. Nd4 Qa4 22. Qe2 Qxb4 23. Nc6+ Ka8 24. Nxb4 Bxc5 25. Na6 Bb6 26. Qc2 Rc8 27. Qc6# 1-0